Movies Quiz

Random Movies or Letter Quiz

1980's A Movies Quiz Stats

 Plays Quiz not verified by Sporcle

Score 0/15 Timer 04:00
0 Plays Today
% Correct
Aliens
95.2%
Annie
94.4%
Airplane!
90.4%
Arthur
88%
Adventures in Babysitting
72%
An American Werewolf in London
64%
All the Right Moves
56.8%
All of Me
48%
% Correct
About Last Night
47.2%
Action Jackson
42.4%
Armed and Dangerous
32.8%
Above the Law
32.8%
American Flyers
17.6%
American Ninja
15.2%
April Fool's Day
4.8%

You're not logged in!

Compare scores with friends on all Sporcle quizzes.
OR
Log In

Sporcle TV

Today on Sporcle TV


Watch our educational content, quiz creation guides, and fun videos on Sporcle TV.

Show Comments

Extras

Created Aug 30, 2017ReportNominate
Tags:Letter Quiz, 1980

Top Quizzes Today


Score Distribution

Your Account Isn't Verified!

In order to create a playlist on Sporcle, you need to verify the email address you used during registration. Go to your Sporcle Settings to finish the process.

Report this User

Report this user for behavior that violates our Community Guidelines.

Details: